| 000 | 00402 a2200133 4500 | ||
|---|---|---|---|
| 001 | ART_44814 | ||
| 005 | 20260410162024.0 | ||
| 008 | 260409a | ||
| 245 | 1 | 0 | _aEquidad intergeneracional en el Brasil |
| 100 | 1 | _aAraujo, Tatiana | |
| 700 | 1 | _aTurra, Cassio M. | |
| 700 | 1 | _aQueiroz, Bernardo L. | |
| 773 | 0 |
_tNotas de población _g- Año XXXVII, Nº 90 (ene./jun. 2010) _wREV41841 |
|
| 999 |
_c33373 _d33373 |
||